| 000 -LEADER |
| fixed length control field |
00733cam a2200229 i 4500 |
| 003 - CONTROL NUMBER IDENTIFIER |
| control field |
OSt |
| 005 - DATE AND TIME OF LATEST TRANSACTION |
| control field |
20200520142345.0 |
| 008 - FIXED-LENGTH DATA ELEMENTS--GENERAL INFORMATION |
| fixed length control field |
780725s1980 enka b 001 0 eng |
| 020 ## - INTERNATIONAL STANDARD BOOK NUMBER |
| International Standard Book Number |
0471997188 : |
| Terms of availability |
$18.90 |
| 082 00 - DEWEY DECIMAL CLASSIFICATION NUMBER |
| Classification number |
720.1 |
| 245 00 - TITLE STATEMENT |
| Title |
Signs, symbols, and architecture / |
| Statement of responsibility, etc |
[edited by] Geoffrey Broadbent, Richard Bunt, Charles Jencks. |
| 260 ## - PUBLICATION, DISTRIBUTION, ETC. (IMPRINT) |
| Place of publication, distribution, etc |
Chichester, [Eng.] ; |
| -- |
New York : |
| Name of publisher, distributor, etc |
Wiley, |
| Date of publication, distribution, etc |
c1980. |
| 300 ## - PHYSICAL DESCRIPTION |
| Extent |
viii, 446 p. : |
| Other physical details |
ill. ; |
| Dimensions |
25 cm. |
| 504 ## - BIBLIOGRAPHY, ETC. NOTE |
| Bibliography, etc |
Includes bibliographies and index. |
| 650 #0 - SUBJECT ADDED ENTRY--TOPICAL TERM |
| Topical term or geographic name as entry element |
Symbolism in architecture. |
| 650 #0 - SUBJECT ADDED ENTRY--TOPICAL TERM |
| Topical term or geographic name as entry element |
Communication in architectural design. |
| 650 #0 - SUBJECT ADDED ENTRY--TOPICAL TERM |
| Topical term or geographic name as entry element |
Semiotics. |
| 700 1# - ADDED ENTRY--PERSONAL NAME |
| Personal name |
Broadbent, Geoffrey. |
| 700 1# - ADDED ENTRY--PERSONAL NAME |
| Personal name |
Bunt, Richard. |
| 700 1# - ADDED ENTRY--PERSONAL NAME |
| Personal name |
Jencks, Charles. |
| 942 ## - ADDED ENTRY ELEMENTS (KOHA) |
| Source of classification or shelving scheme |
|